000 00640nam a2200241 i 4500
001 C2-0103875
003 PPAK
005 20180727100951.0
008 970608s1983 mou |||| ||||| | eng d
020 _a0314633073
040 _aPPAK
_beng
_cPPAK
_erda
082 0 4 _a657.044
_223
090 0 0 _a657.044
_bWES
_dG
245 0 0 _aWest's intermediate accounting
250 _aBrenner, Vincent C.
264 1 _aSt. Paul, Missouri :
_bWest Pub. ,
_c1983
300 _axxiii, 1336 pages ;
_c26 cm
336 _2rdacontent
_atext
337 _2rdamedia
_aunmediated
338 _2rdacarrier
_avolume
650 1 0 _aAccounting
942 _ddc
_cB
999 _c24827
_d24827